| 000 | 00854nam a2200265 a 4500 | ||
|---|---|---|---|
| 001 | 40804 | ||
| 003 | BD-RjUL | ||
| 005 | 20211209053300.0 | ||
| 008 | 160510s1964 maub 001 0 eng | ||
| 035 | _a(BD-RjUL)40919 | ||
| 040 |
_aDLC _cDLC _dBD-RjUL _beng |
||
| 041 | _aeng | ||
| 082 |
_a320.9914 _bGRP 1964 |
||
| 100 | 1 |
_aGrossholtz, Jean _9125561 |
|
| 245 | 1 | 0 |
_aPolitics in the Philippines : _ba country study / _cJean Grossholtz |
| 260 |
_aBoston : _bLittle Brown and Company, _cc1964 |
||
| 300 |
_axvi, 293 p. : _bill. ; _c20 cm. |
||
| 490 | 1 | _aLittle, Brown series in comparative politics | |
| 500 | _aIncludes index | ||
| 651 | 0 |
_aPhilippines _xPolitics and government _y1946-1973. _9125562 |
|
| 830 | 0 |
_aLittle, Brown series in comparative politics. _9125564 |
|
| 942 |
_2ddc _cBK |
||
| 999 |
_c40804 _d40804 |
||